De Slimste Mens Winnaars Nederland - Statistieken

Algemene statistieken
  • Deze quiz is 4 keer genomen
  • De gemiddelde score is 6 van 33
Antwoordstatistieken
Jaar Editie Winnaar % Correct
2012 Zomer Arjen Lubach
75%
2024 Zomer Herman van der Zandt
50%
2017 Zomer Angela de Jong
25%
2014 Zomer Art Rooijakkers
25%
2020 Zomer Astrid Kersseboom
25%
2025 Zomer Brankele Frank
25%
2024/2025 Jubileum Frank Heinen
25%
2026 Winter Frank van Leeuwen
25%
2021/2022 Winter Jacob Derwig
25%
2023 All-stars Jaike Belfor
25%
2006 Voorjaar Jeroen Kijk in de Vegte
25%
2023/2024 Winter Joes Brauers
25%
2016/2017 Winter Klaas Dijkhoff
25%
2021 Zomer Lisa Loeb
25%
2022 All-stars Marieke van de Zilver
25%
2019/2020 Winter Marieke van de Zilver
25%
2022/2023 Winter Martin Rombouts
25%
2013/2014 Winter Owen Schumacher
25%
2018/2019 Winter Peter Hein van Mulligen
25%
2017/2018 Winter Sander Schimmelpenninck
25%
2023 Zomer Tom Kleijn
25%
2014/2015 Winter Tom Roes
25%
2009 Najaar Anniko van Santen
0%
2006 Najaar Bart Chabot
0%
2017 Jubileum Diederik Smit
0%
2015 Zomer Diederik Smit
0%
2015/2016 Winter Eric Smit
0%
2016 Zomer George van Houts
0%
2022 Zomer Jasper van Kuijk
0%
2013 Zomer Pieter Derks
0%
2019 Zomer Rob Hadders
0%
2020/2021 Winter Rob Kemps
0%
2018 Zomer Roelof de Vries
0%
Geen overeenkomende quizzen gevonden
Scoreverdeling
Procent van Mensen met Elke Score
Percentiel versus Aantal Correcte Antwoorden
Uw Scoregeschiedenis
U heeft deze quiz nog niet genomen